000 00955cab a2200265 4500
001 E2201
008 090401t1994 xxu||||| |||| 00| 0 eng d
035 _a(Sirsi) u38080
041 _aeng
245 _aNicolson v Hoseason-Brown and Another
260 _c1994
350 _a0
490 _aSLC
_v1994 R 74-88(15)
520 _aFull Court. Application Shetland RN101. Order of 6 July 1994. Croft - common grazings - order of Court authorising resumption subject to certain conditions - motion to enforce these conditions - motion for a rehearing - jurisdiction of the Court.
650 _aCOMMON GRAZINGS
650 _aCROFTERS (SCOTLAND) ACT 1955
650 _aCROFTERS HOLDINGS (SCOTLAND) ACT 1886
650 _aCROFTING REFORM (SCOTLAND) ACT 1976
650 _aRESUMPTION
650 _aSCOTLAND
650 _aSCOTTISH LAND COURT
690 _aLANDLORD AND TENANT-CASE LAW-AGRICULTURAL TENANCIES
942 _n0
948 _c04/03/1997
999 _c24470
_d24470